English for international tourism 2 student’s book (Kèm theo CD/ 836-37)

Enregistré dans:
Détails bibliographiques
Format: Livre
Publié: 2008
Tags: Ajouter un tag
Pas de tags, Soyez le premier à ajouter un tag!
Thư viện lưu trữ: Mạng thư viện Đại học Đà Nẵng
LEADER 00483nam a22001811a 4500
001 000038422
003 14717
005 20160412021310.0
008 160412s2008 000
082 |a 4A(07)2531 
245 |a English for international tourism 2 student’s book (Kèm theo CD/ 836-37)  |c Robin Walker 
260 |c 2008 
OWN |a LNN 
999 |a From the UDN01 
TYP |a Monograph 
980 |a Mạng thư viện Đại học Đà Nẵng